Statistics for Places - Which is Real?

Click here to take the quiz!

General Stats

  • This quiz has been taken 78 times
  • The average score is 13 of 16

Answer Stats

QuestionAnswer% Correct
Which is real?Andorra
99%
Which is real?Death Valley
99%
Which is real?Alcatraz
96%
Which is real?Agra
94%
Which is real?Central Park
94%
Which is real?Verona
92%
Which is real?Rhône
90%
Which is real?Avignon
89%
Which is real?Agder
85%
Which is real?Shikoku
79%
Which is real?New Bedford
78%
Which is real?Rio de la Plata
78%
Which is real?Twin Cities
71%
Which is real?Isla Mujeres
60%
Which is real?Los Teques
43%
Which is real?Paradise Island
39%

Score Distribution

Percentile by Number Answered

Percent of People with Each Score

Your Score History

You have not taken this quiz